00604 2200217 4500001002100000005001700021008004100038020002200079035002500101040001200126082001200138084001800150100003200168245006300200250001100263260002800274300002700302650002900329850001200358990001600370INLIS00000000000744120151008095002.0  a978-979-2582-20-8 a0010-071500000000124 aYOPDYOG a297.431 a297.431 Abu K aAdil Abdul Mun im Abu Abbas aKetika Menikah jadi Pilihan /cAdil Abdul Mun im Abu Abbas aCet. 1 aJakartabAlmahirac2001 axvi, 268 hlm. ;c21 cm aHukum perkawinan (islam) aYOPDYOG a117-KS/B.09